000 00315nam a22001337a 4500
008 171016b xxu||||| |||| 00| 0 eng d
020 _a9780534635725
041 _aeng
080 _a331.101.262
100 _a52
101 _aBNJ
245 _aTHE GLOBAL STRUGGLE FOR HUMAN RIGHTS
_cDELAET, D.L
942 _2udc
_cBK
999 _c34210
_d34210